000
00210 a2200097 4500
001
48644
100
_a
Kemball, H
245
_a
The birth of flight
260
_a
London
_b
George allen
_c
090
_c
31570
_d
31570
942
_a
NUST-CAE
_c
M
_c
23970
999
_c
283717
_d
283717